Responses for Show #1222 - Tuesday, December 19, 1989

Jeff Bandman game 1.
Missing introductions.

Contestants

[<< previous game]

Julie Meyers, an accountant from Alhambra, California

Jeff Bandman, a lawyer from La Jolla, California

Lea Hall, a real estate agent from Los Angeles, California (whose 1-day cash winnings total $13,700)

[next game >>]

Jeopardy! Round responses

U.S."A"s
MYTHOLOGICAL WOMEN
SPORTS
VOCABULARY
CELEBRITIES
CHRISTMAS SONGS
    $100 14
Alpo

Jeff
    $100 7
stars

Jeff
    $100 8
Pee Wee

Lea
    $100 2
volcano

Lea
    $100 29
[The end-of-round signal sounds.]

Johnny Carson

Lea
    $100 1
(Julie: What is "Rudolph with your nose so bright, won't you light the way tonight?")
(Jeff: What is "Rudolph with your nose so bright, won't you drive my sleigh tonight?")
(Alex: No.)
[Laughter]
(Lea: What is "Rudolph with your nose so bright, won't you guide my way tonight?")
[More laughter]

Rudolph with your nose so bright, won't you guide my sleigh tonight?

LeaJeffJulie
Triple Stumper
    $200 16
the astronauts

Lea
    $200 9
astronomy

Lea
    $200 12
bully

Triple Stumper
    $200 3
slop

Julie
    $1,500 22
"Adeste Fideles"

Jeff
    $300 17
(Julie: I went blank.)

Susan B. Anthony

LeaJulie
    $300 10
the naiads

Lea
    $300 13
Johnny Weissmuller

Lea
    $300 4
a tarantula

Julie
    $300 23
(Alex: Yes, and with a minute to go in the round you get to pick.)

Bob Geldof

Julie
    $300 28
(Julie: What is a harmonica?)
(Jeff: What is my two front teeth?)
(Alex: No, different song.)
[Laughter]

a Hula Hoop

JeffJulie
Triple Stumper
    $400 18
Arkansas

Jeff
    $400 11
Oedipus

Jeff
    $400 15
Richard Petty

Lea
    $400 5
(Lea: What is a butterfly?)
(Julie: What is a moth?)

a bird

LeaJulie
Triple Stumper
    $400 24
Jane Fonda

Julie
    $400 27
"White Christmas"

Julie
    $500 20
Major Andre

Triple Stumper
    $500 21
Eurydice

Jeff
    $500 19
the Southeast Conference

Jeff
    $500 6
ectopic

Triple Stumper
    $500 25
Aretha Franklin

Jeff
    $500 26
that glorious song of old

Jeff

Scores at the first commercial break (after clue 13):

Lea Jeff Julie
$500 $400 $0

Scores at the end of the Jeopardy! Round:

Lea Jeff Julie
$1,500 $4,100 $500

Double Jeopardy! Round responses

CANADA
SCULPTURE
ENGLISH LITERATURE
U.S. SENATORS
INTERNATIONAL COOKING
PBS
    $200 12
the U.S.

Lea
    $200 17
bronze

Lea
    $200 3
D.H. Lawrence

Lea
    $200 2
Christopher Dodd

Lea
    $200 1
tortillas

Jeff
    $200 26
French

Lea
    $400 13
Ontario

Jeff
    $400 18
(Lea: What are women?)

people (men & women)

Lea
Triple Stumper
    $400 4
(Christopher) Marlowe

Lea
    $400 8
(William) Fulbright

Lea
    $400 22
India

Lea
    $400 27
(Lea: What is Countdown?)

Contact

Lea
Triple Stumper
    $600 14
(Pierre) Trudeau

Jeff
    $600 19
sarcophagi

Julie
    $600 5
Silas Marner

Julie
    $600 9
Oregon

Lea
    $600 23
(Lea: Uh, what are the fagioli [*]?)

beans

Lea
    $600 28
(Lea: What is The Boston Pops?)
...
[The end-of-round signal sounds.]

Evening at the Pops

Lea
Triple Stumper
    $1,500 15
(3 of) Nova Scotia, Newfoundland & Prince Edward Island (or New Brunswick)

Jeff
    $800 20
Greece

Triple Stumper
    $800 6
(Oliver) Goldsmith

Lea
    $800 10
(Jeff: Who is Kassenbaum? Nancy Kassenbaum.)
...
(Alex: We had a similar situation a couple of years ago in which we were taken to task because we accepted "Nancy Kassenbaum"; her name, and it was pointed out to us by her office staff, as a matter of fact, is [*].)

(Nancy) Kassebaum

Jeff
Triple Stumper
    $800 24
veal

Jeff
    $1000 16
Baffin

Lea
    $1,000 21
(Julie: What are the sculptures on [*]?)

Mount Rushmore & Stone Mountain

Julie
    $1000 7
Nevil Shute

Jeff
    $1000 11
(Lea: What is Connecticut?)

Rhode Island

LeaJeff
    $1000 25
(Alex: We have less than a minute to go in the round.)

paella

Julie

Scores at the end of the Double Jeopardy! Round:

Lea Jeff Julie
$4,300 $8,800 $1,700
(lock game)

[wagering suggestions for these scores]

Final Jeopardy! Round responses

BROADWAY MUSICALS
JulieWhat is Camelot?
$1,700
LeaWhat is Camelot?
$4,200
JeffWhat is St. Godspell?
$199
Camelot

Final scores:

Lea Jeff Julie
$8,500 $8,601 $3,400
2nd place: trip on Delta to Florida & stay at The Diplomat in Hollywood + Jeopardy! home game of Jeopardy! Challenger New champion: $8,601 3rd place: Ricoh Mirai camera + Jeopardy! home game of Jeopardy! Challenger

Game dynamics:

Coryat scores:

Lea Jeff Julie
$4,300 $6,800 $2,700
21 R,
6 W
16 R
(including 2 DDs),
3 W
8 R,
5 W
(including 1 DD)

Combined Coryat: $13,800

[game clues] [game scores] [suggest correction]

Game tape date: 1989-08-30
The J! Archive is created by fans, for fans. Scraping, republication, monetization, and malicious use prohibited; this site may use cookies and collect identifying information. See terms. The Jeopardy! game show and all elements thereof, including but not limited to copyright and trademark thereto, are the property of Jeopardy Productions, Inc. and are protected under law. This website is not affiliated with, sponsored by, or operated by Jeopardy Productions, Inc. Join the discussion at JBoard.tv.